000 00794nam a22002297a 4500
003 OSt
005 20251218083208.0
008 251218b |||||||| |||| 00| 0 eng d
020 _a0-521-36980-0
040 _aDWC-Main lib
_cOC
082 _aCirc. 333.91 W524 2003
100 _aWescoat, James L. Jr.
245 _a Water for life :
_b water management and enviromental policy
_cJames L. Wescoat, Jr.
260 _aCambridge, UK :
_b the Press Syndicate of the University of Cambridge,
_cc2003
300 _a xix, 322 p. ;
_c23 cm.
504 _aIncludes bibliographical references
650 _a1. Integrated water development
650 _a2. Water supply- government policy
650 _a3. Water supply-management
700 _aWhite, Gilbert F.
942 _2ddc
_cBK-CIRC
_kCirc.
_n0
999 _c7211
_d7211